[Event "Mumbai One Wealth op"]
[Site "Mumbai"]
[Date "2024.02.11"]
[Round "7"]
[White "Mayanka, Rakesh Rana"]
[Black "Sunil, Vaidya"]
[Result "0-1"]
[WhiteElo "1136"]
[BlackElo "1402"]
[PlyCount "50"]
[EventDate "2024.02.05"]
[EventType "swiss"]
[EventRounds "7"]
[EventCountry "IND"]
[SourceTitle "CB08_2024"]
[SourceDate "2024.02.21"]
[SourceVersion "1"]
[SourceVersionDate "2024.02.21"]
[SourceQuality "1"]

1. d4 Nf6 2. Nf3 e6 3. e3 c5 4. Bd3 cxd4 5. exd4 Nc6 6. a3 d5 7. Nc3 a6 8. Bf4 b5 9. 0-0 Be7 10. Re1 Bb7 11. Be5 Rc8 12. Ne2 Qb6 13. c3 a5 14. Nf4 Nxe5 15. Nxe5 Bd6 16. Qe2 0-0 17. Bxb5 Ne4 18. Nxe6 fxe6 19. Nd7 Qc7 20. Nxf8 Bxh2+ 21. Kh1 Rxf8 22. Rf1 Rf6 23. Bd3 Rh6 24. Bxe4 Bg1+ 25. Kxg1 Qh2# 0-1

[Event "Mumbai One Wealth op"]
[Site "Mumbai"]
[Date "2024.02.09"]
[Round "5"]
[White "Gogri, Vedaant"]
[Black "Sunil, Vaidya"]
[Result "0-1"]
[WhiteElo "1229"]
[BlackElo "1402"]
[PlyCount "84"]
[EventDate "2024.02.05"]
[EventType "swiss"]
[EventRounds "7"]
[EventCountry "IND"]
[SourceTitle "CB08_2024"]
[SourceDate "2024.02.21"]
[SourceVersion "1"]
[SourceVersionDate "2024.02.21"]
[SourceQuality "1"]

1. c4 c6 2. g3 Nf6 3. Bg2 g6 4. b3 Bg7 5. Bb2 0-0 6. Nf3 d6 7. 0-0 e5 8. d4 e4 9. Nfd2 e3 10. Ne4 exf2+ 11. Nxf2 h5 12. e4 Ng4 13. Nxg4 Bxg4 14. Bf3 Bh3 15. Bg2 Bg4 16. Bf3 Be6 17. Nc3 Nd7 18. d5 Bh3 19. Bg2 Qb6+ 20. Kh1 Bxg2+ 21. Kxg2 Rae8 22. Qd2 Qd4 23. Qxd4 Bxd4 24. Rae1 c5 25. Re2 a6 26. Ba1 Re7 27. Bb2 Rfe8 28. Kf3 Ne5+ 29. Kg2 Nd3 30. Ba1 Kg7 31. Kf3 Ne5+ 32. Kg2 Nd7 33. Kf3 g5 34. h3 Kg6 35. Rfe1 Ne5+ 36. Kg2 g4 37. Rf1 Nf3 38. e5 Rxe5 39. Rxe5 Rxe5 40. h4 Re3 41. Na4 Re2+ 42. Kh1 Rh2# 0-1

[Event "Mumbai Wealth rating op 4th"]
[Site "Mumbai"]
[Date "2018.12.31"]
[Round "2"]
[White "Amrit, Raunak"]
[Black "Sunil, Vaidya"]
[Result "1-0"]
[WhiteElo "1410"]
[BlackElo "1663"]
[PlyCount "67"]
[EventDate "2018.12.30"]
[EventType "swiss"]
[EventRounds "9"]
[EventCountry "IND"]
[SourceTitle "CBM 188 Extra"]
[Source "ChessBase"]
[SourceDate "2019.02.26"]
[SourceVersion "1"]
[SourceVersionDate "2019.02.26"]
[SourceQuality "1"]

1. e4 c6 2. d4 d5 3. exd5 cxd5 4. c4 Nf6 5. Nc3 e6 6. Nf3 Be7 7. Be2 0-0 8. 0-0 Nc6 9. Bg5 Ne4 10. Bxe7 Qxe7 11. cxd5 Nxc3 12. bxc3 exd5 13. h3 Be6 14. Bb5 Rac8 15. Bxc6 Rxc6 16. Qd2 Rfc8 17. Rac1 Qa3 18. Rb1 Rxc3 19. Rxb7 Rc2 20. Qf4 Rxa2 21. Ng5 Qf8 22. Re1 Ra6 23. Qg3 h6 24. Qd3 hxg5 25. Qxa6 g4 26. hxg4 Bxg4 27. Qxa7 Be6 28. Rb3 g6 29. Qb6 Qh6 30. Rbb1 Bf5 31. Ra1 Be4 32. Qb7 Rc2 33. Qb8+ Kh7 34. Ra8 1-0